Top 5 European Leagues Top Clean Sheets: 2001/02 - Statistics

General Stats
  • This quiz has been taken 2 times
  • The average score is 8 of 30
Answer Stats
League Clean Sheets Club Nationality Player % Correct
Serie A 18 Juventus Italy Gianluigi Buffon
100%
Premier League 18 Liverpool Poland Jerzy Dudek
100%
Bundesliga 19 Bayern Munich Germany Oliver Kahn
100%
Serie A 11 Lazio Italy Angelo Peruzzi
50%
Premier League 15 Fulham Netherlands Edwin van der Sar
50%
Serie A 13 Inter Italy Francesco Toldo
50%
Bundesliga 12 Werder Bremen Germany Frank Rost
50%
Bundesliga 11 Hertha Berlin Hungary Gabor Kiraly
50%
Bundesliga 15 Schalke Germany Oliver Reck
50%
La Liga 14 Valencia Spain Santiago Canizares
50%
Bundesliga 11 Stuttgart Germany Timo Hildebrand
50%
Bundesliga 12 Cottbus Bosnia and Herzegovina Tomislav Piplica
50%
La Liga 11 Sevilla Spain Antonio Notario
0%
Premier League 13 Chelsea Italy Carlo Cudicini
0%
Premier League 12 Charlton Ireland Dean Kiely
0%
Division 1 12 Auxerre France Fabien Cool
0%
Serie A 15 Roma Italy Francesco Antonioli
0%
Division 1 16 Lyon France Gregory Coupet
0%
Division 1 14 Lille France Gregory Wimbee
0%
Division 1 14 Lens France Guillaume Warmuz
0%
Bundesliga 11 Borussia Dortmund Germany Jens Lehmann
0%
La Liga 12 Coruna Spain Jose Francisco Molina
0%
La Liga 13 Osasuna Spain Juan Carlos Unzue
0%
Division 1 13 PSG France Lionel Letizi
0%
Serie A 11 Brescia Italy Luca Castellazzi
0%
Premier League 18 Leeds England Nigel Martyn
0%
La Liga 11 Celta Vigo Argentina Pablo Cavallero
0%
La Liga 11 Malaga Spain Pedro Contreras
0%
La Liga 17 Real Betis Spain Toni Prats
0%
Division 1 12 Bordeaux France Ulrich Rame
0%
No matching quizzes found
Score Distribution
Percent of People with Each Score
Percentile by Number Answered
Your Score History
You have not taken this quiz